A Takarék Csoport jelentésszolgálati feladatait támogató vezetői információs rendszerek

Bibliographic Details
Main Author: Budai Fábián András
Other Authors: Kovács Dr. Endre
Format: Thesis
Kulcsszavak:Takarékbank
Jelentésszolgálat
ERP
Online Access:http://dolgozattar.uni-bge.hu/19719

MARC

LEADER 00000nta a2200000 i 4500
001 dolg19719
005 20181217113256.0
008 181217suuuu hu om 000 hun d
040 |a BGE Dolgozattár Repozitórium  |b hun 
041 |a hu 
100 1 |a Budai Fábián András 
245 1 2 |a A Takarék Csoport jelentésszolgálati feladatait támogató vezetői információs rendszerek  |c Budai Fábián András  |h [elektronikus dokumentum] 
246 1 1 |a A Takarék Csoport jelentésszolgálati feladatait támogató vezetői információs rendszerek 
695 |a Takarékbank 
695 |a Jelentésszolgálat 
695 |a ERP 
700 1 |a Kovács Dr. Endre  |e ths 
856 4 0 |u http://dolgozattar.uni-bge.hu/19719/1/szakdolgozat.pdf  |z Dokumentum-elérés 
856 4 0 |u http://dolgozattar.uni-bge.hu/19719/3/titkos%C3%ADt%C3%A1si_k%C3%A9relem.pdf  |z Dokumentum-elérés